| 000 | 00496nam a2200133Ia 4500 | ||
|---|---|---|---|
| 008 | 220620s9999||||xx |||||||||||||| ||und|| | ||
| 022 | _a25120875 | ||
| 100 | _aKaiser, Peter | ||
| 245 | 0 | _aWhole-Body Affordances for Humanoid Robots: A Computational Approach | |
| 546 | _aEnglish[eng] | ||
| 650 | _aKognition||cognition||Manipulation||Perzeption||robotics||Humanoide Robotik||humanoid robotics||manipulation||Robotik||perception | ||
| 856 | _uhttps://www.ksp.kit.edu/9783731507987 | ||
| 942 | _cEB | ||
| 999 |
_c23723 _d23723 |
||